Vývoj zahraničnoobchodných vzťahov ČĽR - SR a možnosti uplatnenia sa slovenských firiem na trhu ČĽR dizertačná práca
Saved in:
| Main Author: | |
|---|---|
| Corporate Author: | |
| Other Authors: | |
| Format: | Book |
| Language: | Slovak |
| Published: |
Bratislava
2023
|
| Subjects: | |
| Tags: |
No Tags, Be the first to tag this record!
|
MARC
| LEADER | 00000nbm a2200000 4500 | ||
|---|---|---|---|
| 001 | 0295310 | ||
| 005 | 20230712114338.6 | ||
| 041 | 0 | |a slo | |
| 044 | |a SK | ||
| 245 | 1 | 0 | |a Vývoj zahraničnoobchodných vzťahov ČĽR - SR a možnosti uplatnenia sa slovenských firiem na trhu ČĽR |b dizertačná práca |c Ondrej Tomčík ; školiteľ: Stanislav Zábojník |
| 264 | 1 | |a Bratislava |c 2023 | |
| 300 | |a 129 s. | ||
| 610 | 2 | 0 | |a obchod zahraničný |
| 610 | 2 | 0 | |a vývoz |
| 610 | 2 | 0 | |a komodity |
| 610 | 2 | 0 | |a Čína |
| 610 | 2 | 0 | |a Slovensko |
| 100 | 1 | |a Tomčík, Ondrej, 1979- | |
| 700 | 1 | |a Zábojník, Stanislav, 1984- | |
| 710 | 2 | |a Obchodná fakulta EU. Katedra medzinárodného obchodu | |